Movies by Geographic Error Quiz Stats

 Plays Quiz Updated Jun 15, 2017

Support Sporcle.
Go Orange.
Score 0/25 Timer 08:00
1 Play Today
% Correct
Austin Powers in Goldmember
88.8%
Fear and Loathing in Las Vegas
86.5%
Titanic
84.9%
Armageddon
82.7%
Planes, Trains and Automobiles
80.7%
Krakatoa, East of Java
79.1%
Hamlet
73.8%
Close Encounters of the Third Kind
71.9%
The Thief of Bagdad
71.6%
Robin Hood: Prince of Thieves
69.7%
Rumble in the Bronx
69.6%
Pocahontas
65.8%
The Green Berets
60.4%
% Correct
Bird on a Wire
57.8%
Indiana Jones and the Kingdom of the Crystal Skull
57%
Raiders of the Lost Ark
51.1%
The Computer Wore Tennis Shoes
49%
Jurassic Park
47.5%
Hitman
41.6%
Race the Sun
41.5%
David Copperfield
39.1%
Mr. & Mrs. Smith
38.9%
Waterworld
37.9%
Transformers: Revenge of the Fallen
25.5%
Moonraker
23.4%

You're not logged in!

Compare scores with friends on all Sporcle quizzes.
OR
Log In
Forgot?

From the Vault

Colleges with the Most Super Bowl MVPs

by REDiamond62

These are the colleges you want to attend if you want to win the Super Bowl.
Remove Ads.
Support Sporcle.
Get the best of Sporcle when you Go Orange. This ad-free experience offers more features, more stats, and more fun while also helping to support Sporcle. Thank you for becoming a member.

Show Comments

Extras

Top Quizzes Today


Score Distribution

Your Account Isn't Verified!

In order to create a playlist on Sporcle, you need to verify the email address you used during registration. Go to your Sporcle Settings to finish the process.

Report this User

Report this user for behavior that violates our Community Guidelines.

Details: